Finanční časové řady
Recenzia publikácie: Artl, J. - Artlová, M. Finanční časové řady. Vlastnosti, metody, modelování, příklad a aplikace. Autori popisujú rôzne aspekty modelovania vysokofrekvenčných časových radov finančných ukazovateľov pomocou lineárnych a nelineárnych modelov. Kniha sa skladá zo štyroch kapitol. Je...
Saved in:
| Main Author: | |
|---|---|
| Format: | Book Chapter |
| Language: | Slovak |
| Subjects: | |
| Tags: |
No Tags, Be the first to tag this record!
|
MARC
| LEADER | 00000naa$a2200000$$$4500 | ||
|---|---|---|---|
| 001 | 0005720 | ||
| 005 | 20230929075235.1 | ||
| 041 | 0 | |a slo | |
| 044 | |a SK | ||
| 245 | 1 | 0 | |a Finanční časové řady |c rec. Eva Rublíková |
| 520 | |a Recenzia publikácie: Artl, J. - Artlová, M. Finanční časové řady. Vlastnosti, metody, modelování, příklad a aplikace. Autori popisujú rôzne aspekty modelovania vysokofrekvenčných časových radov finančných ukazovateľov pomocou lineárnych a nelineárnych modelov. Kniha sa skladá zo štyroch kapitol. Je určená študentom ekonomických odborov a pracovníkom hospodárskej praxe. | ||
| 610 | 2 | 0 | |a recenzie |
| 610 | 2 | 0 | |a rady časové |
| 610 | 2 | 0 | |a financie |
| 610 | 2 | 0 | |a modelovanie |
| 610 | 2 | 0 | |a modely lineárne |
| 610 | 2 | 0 | |a modely nelineárne |
| 610 | 2 | 0 | |a ukazovatele finančné |
| 100 | 1 | |a Rublíková, Eva | |